Science Quiz

Random Science or Clickable Quiz

Click the Trees Quiz Stats

Quiz Updated Apr 23, 2015

Also try: Flowers
Challenge
Share
Tweet
Embed
Score 0/15 Timer 04:00
3 Plays Today
% Correct
Maple
95.8%
Birch
94.9%
Cedar
94.7%
Palm
94.2%
Sycamore
93.3%
Fir
92.1%
Cypress
91.2%
Eucalyptus
90.6%
% Correct
Beech
90.2%
Dogwood
86.4%
Juniper
81.8%
Holly
68.2%
Linden
56.3%
Honey Locust
54.9%
Tupelo
34.2%

You're not logged in!

Compare scores with friends on all Sporcle quizzes.
Sign Up with Email
OR
Log In

You Might Also Like...

Show Comments

Extras

Top Quizzes Today


Score Distribution

Your Account Isn't Verified!

In order to create a playlist on Sporcle, you need to verify the email address you used during registration. Go to your Sporcle Settings to finish the process.